Podnikateľské prostredie v SR, vplyv legislatívnych zmien na výkonnosť a konkurencieschopnosť ekonomiky bakalárska práca

Gespeichert in:
Bibliographische Detailangaben
1. Verfasser: Poórová, Natália
Körperschaft: Fakulta podnikového manažmentu EU. Katedra podnikovohospodárska
Weitere Verfasser: Kovalev, Andrej
Format: Buch
Sprache:Slowakisch
Veröffentlicht: Bratislava 2018
Tags: Tag hinzufügen
Keine Tags, Fügen Sie das erste Tag hinzu!

MARC

LEADER 00000nbm a2200000 4500
001 0244898
005 20181009112352.9
041 0 |a slo 
044 |a SK 
245 1 0 |a Podnikateľské prostredie v SR, vplyv legislatívnych zmien na výkonnosť a konkurencieschopnosť ekonomiky  |b bakalárska práca  |c Natália Poórová ; školiteľ: Andrej Kovalev 
264 1 |a Bratislava  |c 2018 
300 |a 53 s. 
100 1 |a Poórová, Natália 
700 1 |a Kovalev, Andrej 
710 2 |a Fakulta podnikového manažmentu EU. Katedra podnikovohospodárska